Pokémon - Attaques apparues en génération V - Statistiques

Statistiques générales
  • Ce quiz a été pris 358 fois
  • Le résultat moyen est 57 sur 92
Statistiques - réponses
Hint Réponse % Correct
Electrik Eclair Croix
93%
Feu Flamme Croix
92%
Glace Feu Glacé
90%
Combat Lame Sainte
90%
Electrik Change Eclair
89%
Combat Lame Ointe
89%
Eau Coquilame
86%
Glace Eclair Gelé
85%
Glace Ere Glaciaire
85%
Feu Flamme Bleue
85%
Feu Coup Victoire
84%
Feu Tacle Feu
84%
Electrik Charge Foudre
82%
Insecte Survinsecte
81%
Eau Aire d'Eau
78%
Feu Aire de Feu
78%
Plante Aire d'Herbe
78%
Normal Chant Antique
78%
Sol Piétisol
77%
Normal Techno Buster
77%
Dragon Draco-Queue
75%
Eau Ebullition
75%
Feu Incendie
75%
Spectre Châtiment
74%
Insecte Papillodanse
74%
Plante Phytomixeur
74%
Vol Acrobatie
73%
Vol Chute Libre
73%
Electrik Eclair Fou
73%
Acier lancécrou
73%
Acier Tacle Lourd
73%
Glace Souffle Glacé
71%
Normal Vengeance
71%
Psy Choc Psy
70%
Glace Chute Glace
68%
Feu Danse du Feu
67%
Roche Anti-Air
66%
Feu Calcination
66%
Poison Choc Venin
66%
Poison Cradovague
66%
Normal Rengorgement
66%
Ténèbres Aiguisage
64%
Electrik Boule Elek
64%
Feu Nitrocharge
64%
Acier Changement Vitesse
63%
Ténèbres Explonuit
63%
Feu Feu d'Enfer
63%
Ténèbres Aboiement
62%
Psy Frappe Psy
62%
Feu Rebondifeu
62%
Electrik Toile Elek
62%
Vol Vent Violent
62%
Ténèbres A la Queue
58%
Acier Allègement
56%
Normal Exuviation
56%
Plante Encornebois
55%
Insecte Bulldoboule
53%
Psy Zone Etrange
53%
Poison Bombe Acide
52%
Dragon Double Baffe
52%
Psy Synchropeine
52%
Psy Zone Magique
52%
Roche Garde Large
51%
Combat Projection
51%
Ténèbres Tricherie
51%
Sol tunnelier
51%
Combat Yama Arashi
51%
Normal Chant Canon
49%
Poison Enroulement
49%
Normal Peignée
48%
Normal Echo
47%
Psy Partage Force
47%
Normal Plumo-Queue
47%
Combat Prévention
47%
Combat Balayette
45%
Psy Partage Garde
45%
Poison Bain de Smog
44%
Eau Détrempage
44%
Insecte Poudre Fureur
44%
Combat Tout ou Rien
44%
Normal Attrition
42%
Psy Vibra Soin
41%
Normal Après Vous
40%
Plante Cotogarde
40%
Psy Force Ajoutée
40%
Psy Crèvecoeur
38%
Psy Interversion
38%
Normal Ten-Danse
38%
Psy Lévikinésie
37%
Normal Rayon Simple
36%
Normal Passe-Cadeau
33%
Normal Copie-Type
29%
Aucun quiz correspondant
Distribution des résultats
% des personnes avec chaque résultat
Percentile par nombre de réponses
Votre historique - résultats
Vous n’avez pas pris ce quiz